[Event "Gibtelecom Masters 8th"]
[Site "Gibraltar"]
[Date "2010.01.27"]
[Round "3.13"]
[White "Felgaer, Ruben"]
[Black "Carame Gonzalez, Francisco"]
[Result "1-0"]
[WhiteElo "2573"]
[BlackElo "1977"]
[PlyCount "45"]
[EventDate "2010.01.26"]

1. e4 c5 2. Nf3 d6 3. d4 cxd4 4. Nxd4 Nf6 5. Nc3 a6 6. g3 Nbd7 7. Bg2 Qc7 8.
O-O g6 9. Nd5 Nxd5 10. exd5 Bg7 11. Re1 O-O 12. Rxe7 Qb6 13. Nf3 Ne5 14. Nxe5
Bxe5 15. Bh6 Bf5 16. Bxf8 Kxf8 17. Rxe5 dxe5 18. b3 Re8 19. Qd2 e4 20. Re1 Qc5
21. c4 Re5 22. Qh6+ Kg8 23. Qe3 1-0

[Event "Gibtelecom Masters 8th"]
[Site "Gibraltar"]
[Date "2010.01.28"]
[Round "4.12"]
[White "Cori Tello, Jorge"]
[Black "Felgaer, Ruben"]
[Result "0-1"]
[WhiteElo "2483"]
[BlackElo "2573"]
[PlyCount "80"]
[EventDate "2010.01.26"]

1. e4 c5 2. Nf3 Nc6 3. d4 cxd4 4. Nxd4 d6 5. c4 Nf6 6. Nc3 g6 7. Be2 Bg7 8. Be3
O-O 9. O-O Bd7 10. Rc1 Nxd4 11. Bxd4 Bc6 12. f3 a5 13. b3 Nd7 14. Bxg7 Kxg7 15.
Qd4+ Kg8 16. a3 Nc5 17. Rb1 e5 18. Qe3 Ne6 19. Rfd1 f5 20. Bd3 Kh8 21. Ne2 f4
22. Qf2 g5 23. Bc2 Qe7 24. Rd2 g4 25. Kh1 gxf3 26. gxf3 Rg8 27. Rg1 Ng5 28. Rg2
Nh3 29. Qf1 Rxg2 30. Qxg2 Bd7 31. Qf1 Rg8 32. Nc3 Rg1+ 33. Qxg1 Nxg1 34. Kxg1
Bh3 35. Rf2 Qg7+ 36. Kh1 Qc7 37. Kg1 Qc5 38. Nd1 Qxa3 39. Rd2 Qc5+ 40. Kh1 Qb4
0-1

[Event "Gibtelecom Masters 8th"]
[Site "Gibraltar"]
[Date "2010.01.30"]
[Round "5.4"]
[White "Felgaer, Ruben"]
[Black "Fridman, Daniel"]
[Result "1/2-1/2"]
[WhiteElo "2591"]
[BlackElo "2654"]
[PlyCount "85"]
[EventDate "2010.01.26"]

1. e4 e5 2. Nf3 Nf6 3. Nxe5 d6 4. Nc4 Nxe4 5. Qe2 Qe7 6. Ne3 c6 7. c4 g6 8. Nc3
Na6 9. Nc2 Nf6 10. d4 Bf5 11. Bg5 O-O-O 12. O-O-O h6 13. Bh4 g5 14. Bg3 Bg6 15.
Qxe7 Bxe7 16. Bd3 Nh5 17. Rhe1 Bf8 18. Bxg6 fxg6 19. d5 Nxg3 20. hxg3 Bg7 21.
dxc6 bxc6 22. Re6 Bxc3 23. bxc3 Nc5 24. Rexd6 Kc7 25. Rxg6 Nd3+ 26. Kb1 Nxf2
27. Rxd8 Rxd8 28. Nd4 Rd6 29. Ne6+ Kc8 30. Rg8+ Kb7 31. Rg7+ Ka6 32. Nc5+ Kb6
33. Na4+ Ka6 34. Nc5+ Kb6 35. Nd7+ Ka5 36. Kc2 Ne4 37. Re7 Rd2+ 38. Kc1 Re2 39.
Re5+ c5 40. Nxc5 Nxc3 41. Rxe2 Nxe2+ 42. Kd2 Nxg3 43. Kd3 1/2-1/2

[Event "Gibtelecom Masters 8th"]
[Site "Gibraltar"]
[Date "2010.01.31"]
[Round "6.2"]
[White "Bacrot, Etienne"]
[Black "Felgaer, Ruben"]
[Result "1/2-1/2"]
[WhiteElo "2713"]
[BlackElo "2591"]
[PlyCount "108"]
[EventDate "2010.01.26"]

1. d4 Nf6 2. c4 g6 3. Nc3 Bg7 4. e4 d6 5. Be2 O-O 6. Nf3 c5 7. O-O cxd4 8. Nxd4
Nc6 9. Nc2 Nd7 10. Bd2 a5 11. Kh1 Nc5 12. f3 a4 13. Rc1 Be6 14. Na3 Qb6 15. Rb1
f5 16. Be3 Qa5 17. exf5 Bxf5 18. Rc1 Nb4 19. Nd5 Nxd5 20. cxd5 Bxb2 21. Nc4
Bxc1 22. Nxa5 Bxe3 23. Nc4 Bg5 24. Nb6 Ra5 25. g4 Bd7 26. Qe1 Bb5 27. Qxa5 Bxe2
28. Qe1 Bxf3+ 29. Kg1 Nd3 30. Qe6+ Kg7 31. h4 Nf4 32. Qd7 Ne2+ 33. Kh2 Bxh4 34.
Nc8 Rf7 35. Qe8 Bg3+ 36. Kh3 Be5 37. Rxf3 Rxf3+ 38. Kg2 Rf8 39. Qxe7+ Rf7 40.
Qe8 Nf4+ 41. Kf1 Nxd5+ 42. Ke1 a3 43. Qe6 Bg3+ 44. Kd1 Rf1+ 45. Kc2 Rf2+ 46.
Kb3 Rf3+ 47. Ka4 Rf4+ 48. Kb3 Rf3+ 49. Ka4 Nc7 50. Qe7+ Rf7 51. Qd8 Ne6 52. Qe8
Nc7 53. Qd8 Ne6 54. Qe8 Nc7 1/2-1/2

[Event "Gibtelecom Masters 8th"]
[Site "Gibraltar"]
[Date "2010.02.01"]
[Round "7.11"]
[White "Felgaer, Ruben"]
[Black "Javakhishvili, Lela"]
[Result "1/2-1/2"]
[WhiteElo "2591"]
[BlackElo "2493"]
[PlyCount "99"]
[EventDate "2010.01.26"]

1. e4 c5 2. Nf3 e6 3. d4 cxd4 4. Nxd4 a6 5. Nc3 d6 6. g3 Bd7 7. Bg2 Nc6 8. O-O
Be7 9. a4 Nf6 10. Nb3 Ne5 11. Bf4 Qc7 12. Nd2 O-O 13. a5 b5 14. axb6 Qxb6 15.
b3 Qc7 16. Na4 Rfc8 17. c4 Bxa4 18. Rxa4 Nfd7 19. Ra1 Nc5 20. Be3 a5 21. Bd4
Nc6 22. Bc3 Rab8 23. Ra3 Qd8 24. f4 Bf6 25. e5 dxe5 26. Bxc6 Rxc6 27. fxe5 Bg5
28. Qf3 Rc7 29. Bxa5 Qd4+ 30. Kg2 Rd7 31. Bc3 Qd3 32. Qxd3 Rxd3 33. Nf3 Rxc3
34. Nxg5 Rcxb3 35. Ra7 Rb2+ 36. Kh3 h6 37. Rfxf7 hxg5 38. Rxg7+ Kh8 39. Rh7+
Kg8 40. Rag7+ Kf8 41. Rc7 Kg8 42. Rhg7+ Kh8 43. Rh7+ Kg8 44. Kg4 R8b7 45. Kxg5
Rxc7 46. Rxc7 Nd3 47. Kf6 Rxh2 48. Rc8+ Kh7 49. Kxe6 Rh5 50. c5 1/2-1/2

[Event "Gibtelecom Masters 8th"]
[Site "Gibraltar"]
[Date "2010.02.02"]
[Round "8.12"]
[White "Shankland, Samuel L"]
[Black "Felgaer, Ruben"]
[Result "1/2-1/2"]
[WhiteElo "2491"]
[BlackElo "2591"]
[PlyCount "79"]
[EventDate "2010.01.26"]

1. d4 d6 2. Nf3 Nf6 3. c4 g6 4. Nc3 Bg7 5. e4 O-O 6. Be2 c5 7. O-O cxd4 8. Nxd4
Nc6 9. Be3 Nxd4 10. Bxd4 Bd7 11. Rc1 Bc6 12. f3 a5 13. Qd2 Nd7 14. Be3 a4 15.
Rfd1 Nc5 16. Nd5 Bxd5 17. cxd5 Qa5 18. Qxa5 Rxa5 19. Rd2 Rb8 20. Kf1 b5 21.
Bxc5 Rc8 22. Rdc2 Rxc5 23. Rxc5 dxc5 24. Rxc5 Bxb2 25. Rxb5 Rxb5 26. Bxb5 a3
27. f4 f6 28. Ke2 Kg7 29. Kf3 Bc3 30. g3 Bb2 31. Bd7 Kf7 32. h4 Bc3 33. Bb5 Kg7
34. Bc4 Kf8 35. Kg4 Kg7 36. h5 Kh6 37. hxg6 hxg6 38. Kf3 Kg7 39. g4 g5 40. fxg5
1/2-1/2

[Event "Gibtelecom Masters 8th"]
[Site "Gibraltar"]
[Date "2010.02.03"]
[Round "9.12"]
[White "Felgaer, Ruben"]
[Black "Kapnisis, Spyridon"]
[Result "1/2-1/2"]
[WhiteElo "2591"]
[BlackElo "2510"]
[PlyCount "112"]
[EventDate "2010.01.26"]

1. e4 e5 2. Nf3 Nc6 3. Bb5 a6 4. Ba4 d6 5. O-O Bd7 6. c4 Bg4 7. h3 Bxf3 8. Qxf3
Nf6 9. Nc3 Nd7 10. Ne2 g6 11. d4 Bg7 12. Bxc6 bxc6 13. d5 c5 14. a3 a5 15. Bd2
O-O 16. b4 a4 17. Nc3 f5 18. Qe2 f4 19. f3 Bf6 20. Qd1 Nb6 21. Qe2 Nd7 22. Rfc1
Bh4 23. Qd1 Nb6 24. Nb5 Nd7 25. Kf1 h5 26. Ke2 Rf7 27. Nc3 Nb6 28. Kd3 Bf2 29.
Ne2 c6 30. Nc3 Qc8 31. b5 cxd5 32. exd5 Bd4 33. Ne4 Bxa1 34. Rxa1 Qf5 35. h4
Rd7 36. Kc3 Rdd8 37. Qe2 Qf7 38. Rg1 Kh8 39. g4 Nxd5+ 40. cxd5 Qxd5 41. Qd1 Qa2
42. Bc1 d5 43. Nd2 d4+ 44. Kd3 c4+ 45. Nxc4 Rac8 46. Qxa4 Qf2 47. Qd1 Qa2 48.
Qa4 e4+ 49. fxe4 Qh2 50. Qa6 Qh3+ 51. Ke2 d3+ 52. Kf2 Qxh4+ 53. Kf1 Qh3+ 54.
Kf2 Qh4+ 55. Kf1 Qh3+ 56. Kf2 Qh4+ 1/2-1/2

[Event "Gibtelecom Masters 8th"]
[Site "Gibraltar"]
[Date "2010.02.04"]
[Round "10.12"]
[White "Hoffmann, Michael"]
[Black "Felgaer, Ruben"]
[Result "1-0"]
[WhiteElo "2508"]
[BlackElo "2591"]
[PlyCount "77"]
[EventDate "2010.01.26"]

1. e4 c5 2. Nf3 e6 3. c3 Nf6 4. e5 Nd5 5. d4 cxd4 6. cxd4 d6 7. Bc4 Nb6 8. Bd3
dxe5 9. dxe5 Bd7 10. O-O Bc6 11. Qe2 N8d7 12. Nc3 Be7 13. Be4 O-O 14. Rd1 Qc7
15. h4 h6 16. Bf4 Bxe4 17. Qxe4 Nc5 18. Qe2 Rfd8 19. Nd4 Nd5 20. Nxd5 Rxd5 21.
Nb5 Rxd1+ 22. Rxd1 Qa5 23. Nd6 Bxd6 24. exd6 Nd7 25. Rc1 Qa4 26. Bg3 Rd8 27. b3
Qd4 28. Qf3 e5 29. Qxb7 Nf6 30. Qe7 Re8 31. Qc7 Ne4 32. d7 Rf8 33. Rc4 Qd1+ 34.
Kh2 f5 35. Rxe4 fxe4 36. Bxe5 Qg4 37. Bg3 Qd1 38. Bd6 e3 39. d8=Q 1-0

[Event "Gibtelecom Masters 8th"]
[Site "Gibraltar"]
[Date "2010.01.27"]
[Round "3.16"]
[White "Tania, Sachdev"]
[Black "Lemos, Damian"]
[Result "0-1"]
[WhiteElo "2398"]
[BlackElo "2556"]
[PlyCount "114"]
[EventDate "2010.01.26"]

1. d4 e6 2. c4 d5 3. Nf3 Nf6 4. Nc3 c6 5. Qd3 dxc4 6. Qxc4 b5 7. Qd3 Bb7 8. Bg5
Nbd7 9. e4 b4 10. Na4 Qa5 11. b3 c5 12. Bxf6 gxf6 13. Be2 O-O-O 14. O-O Kb8 15.
Rac1 Bh6 16. Rcd1 Rhg8 17. Qc2 cxd4 18. Rxd4 Rc8 19. Qd3 Nb6 20. Nxb6 Qxb6 21.
Rd6 Rc6 22. Rxc6 Qxc6 23. Rd1 a5 24. e5 f5 25. Kf1 Rc8 26. Ne1 Qc5 27. Bf3 Qxe5
28. Bxb7 Kxb7 29. Nf3 Qc5 30. Re1 Bf4 31. g3 Bc7 32. Nd2 Rd8 33. Qe2 Qc2 34.
Nc4 Qxe2+ 35. Kxe2 h5 36. Rc1 Rd4 37. Ke3 Rd5 38. Nb2 Bb6+ 39. Ke2 Bxf2 40. Nd3
Bb6 41. Nf4 Rd8 42. Rd1 Rxd1 43. Kxd1 h4 44. gxh4 Bd8 45. h5 Bf6 46. h6 Kc7 47.
Ng2 Kd6 48. Ne3 Ke5 49. Nc4+ Kd4 50. Nxa5 e5 51. h7 Kd5 52. Nb7 e4 53. Nd8 f4
54. Nxf7 Ke6 55. Nd8+ Kd5 56. h4 f3 57. Nf7 e3 0-1

[Event "Gibtelecom Masters 8th"]
[Site "Gibraltar"]
[Date "2010.01.28"]
[Round "4.13"]
[White "Lemos, Damian"]
[Black "Hirneise, Tobias"]
[Result "1/2-1/2"]
[WhiteElo "2556"]
[BlackElo "2421"]
[PlyCount "59"]
[EventDate "2010.01.26"]

1. d4 d5 2. c4 c6 3. Nf3 Nf6 4. e3 Bf5 5. Nc3 e6 6. Nh4 Be4 7. f3 Bg6 8. Qb3
Qc7 9. Bd2 Be7 10. cxd5 cxd5 11. Rc1 Nc6 12. Nxg6 hxg6 13. g3 a6 14. Bd3 Rc8
15. O-O O-O 16. Ne2 Qb8 17. f4 Rc7 18. Rc2 Rfc8 19. Rfc1 Bd6 20. Kg2 Ne7 21.
Rxc7 Rxc7 22. Rxc7 Qxc7 23. Qc2 Qxc2 24. Bxc2 Ne4 25. Be1 Nf6 26. Kf3 Nd7 27.
Nc1 f5 28. Nd3 Nc6 29. Ke2 Kf7 30. h3 1/2-1/2

[Event "Gibtelecom Masters 8th"]
[Site "Gibraltar"]
[Date "2010.01.30"]
[Round "5.13"]
[White "Battaglini, Gabriel"]
[Black "Lemos, Damian"]
[Result "1-0"]
[WhiteElo "2411"]
[BlackElo "2556"]
[PlyCount "61"]
[EventDate "2010.01.26"]

1. d4 Nf6 2. c4 g6 3. Nc3 Bg7 4. e4 O-O 5. f3 c6 6. Be3 d5 7. cxd5 cxd5 8. e5
Nfd7 9. Nxd5 Qa5+ 10. Nc3 Nc6 11. Bc4 Ndxe5 12. dxe5 Nxe5 13. Be2 Rd8 14. Qb3
Be6 15. Qb5 Qc7 16. Nh3 Bxh3 17. gxh3 Qc8 18. O-O Qxh3 19. Rad1 a6 20. Qxb7 Ng4
21. Bf4 Nf6 22. Rxd8+ Rxd8 23. Rd1 Rf8 24. Qxe7 Qc8 25. Qc7 Qe6 26. Rd8 Ne8 27.
Qd7 Qb6+ 28. Kf1 Nf6 29. Rxf8+ Bxf8 30. Qc8 Kg7 31. Be5 1-0

[Event "Gibtelecom Masters 8th"]
[Site "Gibraltar"]
[Date "2010.01.31"]
[Round "6.27"]
[White "Lemos, Damian"]
[Black "Hartvig, Ove Weiss"]
[Result "1-0"]
[WhiteElo "2556"]
[BlackElo "2245"]
[PlyCount "65"]
[EventDate "2010.01.26"]

1. d4 Nf6 2. c4 c5 3. d5 b5 4. cxb5 a6 5. bxa6 g6 6. Nc3 Bxa6 7. Nf3 d6 8. g3
Bg7 9. Bg2 Nbd7 10. Rb1 Qa5 11. Bd2 Nb6 12. b3 Qa3 13. O-O O-O 14. Ne1 Bb7 15.
Nc2 Qa7 16. e4 Ba6 17. Re1 Nfd7 18. Bf1 Ne5 19. a4 Bxf1 20. Rxf1 c4 21. Be3 Qc7
22. Nb5 Qd8 23. f4 cxb3 24. fxe5 bxc2 25. Qxc2 Rc8 26. Qb3 Nc4 27. Na7 Nxe3 28.
Qxe3 Rc2 29. Nc6 Qd7 30. e6 fxe6 31. Rxf8+ Bxf8 32. Rb8 Kg7 33. Qf4 1-0

[Event "Gibtelecom Masters 8th"]
[Site "Gibraltar"]
[Date "2010.02.01"]
[Round "7.18"]
[White "Saravanan, V."]
[Black "Lemos, Damian"]
[Result "0-1"]
[WhiteElo "2356"]
[BlackElo "2556"]
[PlyCount "78"]
[EventDate "2010.01.26"]

1. Nf3 Nf6 2. c4 c6 3. d4 d5 4. e3 a6 5. Bd3 Bg4 6. Qb3 Bxf3 7. gxf3 Qc7 8. Nc3
dxc4 9. Bxc4 e6 10. e4 b5 11. Be2 c5 12. dxc5 Bxc5 13. Be3 O-O 14. f4 Bxe3 15.
fxe3 e5 16. O-O Nbd7 17. Rad1 Qa7 18. Nd5 exf4 19. Rxf4 Rae8 20. Rd4 Re5 21.
Qc3 Nxd5 22. Rxd5 Rfe8 23. Rxe5 Nxe5 24. Kf2 Qd7 25. Qd4 Qh3 26. Kg1 h6 27. Bf1
Qe6 28. a4 Ng6 29. Rf2 Qxe4 30. Qa7 Ne5 31. Bg2 Qxa4 32. h3 Qd1+ 33. Kh2 Qd6
34. Kg1 g6 35. Qb7 Re7 36. Qc8+ Kg7 37. Qc3 Rc7 38. Rd2 Rxc3 39. Rxd6 Rxe3 0-1

[Event "Gibtelecom Masters 8th"]
[Site "Gibraltar"]
[Date "2010.02.04"]
[Round "10.14"]
[White "Lemos, Damian"]
[Black "Dworakowska, Joanna"]
[Result "1/2-1/2"]
[WhiteElo "2556"]
[BlackElo "2374"]
[PlyCount "101"]
[EventDate "2010.01.26"]

1. d4 f5 2. g3 Nf6 3. Bg2 g6 4. Nf3 Bg7 5. O-O O-O 6. c4 d6 7. Nc3 Nc6 8. d5
Na5 9. Qa4 b6 10. Nd4 Bd7 11. Qc2 Nxc4 12. Ne6 Bxe6 13. dxe6 c6 14. Bxc6 Rc8
15. Bb7 Rc7 16. Bg2 Qc8 17. Rb1 Qxe6 18. Qb3 Ne4 19. Nb5 Rd7 20. Rd1 Qf7 21.
Qa4 a6 22. Nd4 e5 23. Nf3 h6 24. Qxa6 Ra7 25. Qb5 Rxa2 26. Nd2 Ncxd2 27. Bxd2
d5 28. Bb4 Rd8 29. Ba3 Rxa3 30. bxa3 Nc3 31. Qxb6 Rd7 32. e3 Nxd1 33. Rxd1 Kh7
34. a4 e4 35. a5 d4 36. exd4 Qc4 37. Bf1 Qc2 38. Qb1 Qxb1 39. Rxb1 Bxd4 40. a6
Ba7 41. Bc4 Kg7 42. Kf1 Kf6 43. Rb7 Rxb7 44. axb7 Ke5 45. h4 g5 46. hxg5 hxg5
47. Ke2 f4 48. gxf4+ Kxf4 49. Bg8 g4 50. Bh7 g3 51. fxg3+ 1/2-1/2

[Event "XXVII SuperGM"]
[Site "Linares ESP"]
[Date "2010.02.16"]
[Round "4"]
[White "Gelfand, B."]
[Black "Topalov, V."]
[Result "1/2-1/2"]
[WhiteElo "2761"]
[BlackElo "2805"]
[PlyCount "80"]
[EventDate "2010.02.13"]

1. d4 Nf6 2. c4 e6 3. Nf3 d5 4. g3 Be7 5. Bg2 O-O 6. O-O dxc4 7. Qc2 a6 8. a4
Bd7 9. Qxc4 Bc6 10. Bf4 a5 11. Nc3 Na6 12. Ne5 Bxg2 13. Kxg2 Nd5 14. Rad1 Nab4
15. Bc1 Nxc3 (15... Nb6 16. Qb3 N4d5 17. Nb5 c6 18. Na3 Nb4 19. e4 Nd7 20. Nxd7
(20. Nf3 Qb6 21. h4 Nf6 22. Bg5 h6 23. Nc4 Qd8 24. Bxf6 Bxf6 25. Nce5 Qc7 26.
Ng4 Be7 27. Qe3 h5 28. Nge5 Bf6 29. Qe2 g6 30. g4 hxg4 31. Nxg4 Qf4 32. Nxf6+
Qxf6 33. Qe3 Kg7 34. Rh1 Rh8 35. Rh3 {
1/2-1/2 Gelfand,B (2758)-Ponomariov,R (2739)/Khanty Mansiysk 2009/CB00_2010})
20... Qxd7 21. Nc4 Qd8 22. Be3 b5 23. Ne5 Qc7 24. Nd3 Qb7 25. Nxb4 Bxb4 26. f3
bxa4 27. Qxa4 Qb5 28. Qc2 {
1/2-1/2 Gelfand,B (2758)-Anand,V (2788)/Moscow 2009/CBM 133}) 16. bxc3 Nd5 17.
Qb3 Nb6 18. Ba3 Bxa3 19. Qxa3 Qd6 20. Ra1 f6 21. Nd3 Qxa3 22. Rxa3 Nc4 23. Ra2
e5 24. Nc5 b6 25. Ne4 Rad8 26. Nd2 Nxd2 27. Rxd2 Rd6 28. d5 c6 29. c4 cxd5 30.
Rxd5 Rc6 31. Rb1 Rxc4 32. Rxb6 Rxa4 33. Rb7 Kh8 34. Ra7 Ra2 35. e3 a4 36. Rda5
h6 37. Rxa4 Rxa4 38. Rxa4 Kh7 39. g4 Rf7 40. Kg3 Rb7 1/2-1/2

[Event "XXVII SuperGM"]
[Site "Linares ESP"]
[Date "2010.02.16"]
[Round "4"]
[White "Grischuk, A."]
[Black "Vallejo Pons, F."]
[Result "1/2-1/2"]
[WhiteElo "2736"]
[BlackElo "2705"]
[PlyCount "68"]
[EventDate "2010.02.13"]

1. d4 d5 2. c4 c6 3. Nf3 Nf6 4. Nc3 dxc4 5. a4 Bf5 6. Ne5 e6 7. f3 Bb4 8. e4
Bxe4 9. fxe4 Nxe4 10. Bd2 Qxd4 11. Nxe4 Qxe4+ 12. Qe2 Bxd2+ 13. Kxd2 Qd5+ 14.
Kc3 O-O 15. Qe3 b5 16. Be2 Nd7 17. Nxd7 Qxd7 18. Qc5 Qd8 19. Kc2 Qf6 (19... Rb8
20. Rad1 Qa5 21. Bxc4 Qxa4+ 22. Bb3 Qe4+ 23. Kc1 Rbd8 24. Qg5 Rxd1+ {
1/2-1/2 Sherbakov,R (2555)-Bareev,E (2690)/St Petersburg 1998/CBM 067}) 20. Bf3
Qg6+ 21. Kc1 Rad8 22. axb5 cxb5 23. Rxa7 Qf6 24. Re1 Rc8 25. Qe5 Qh6+ 26. Qe3
Qxh2 27. Rb7 c3 28. bxc3 Qd6 29. Kb2 Ra8 30. Rb1 Qa3+ 31. Kc2 Qa2+ 32. Rb2 Qa4+
33. Kc1 Qa1+ 34. Kc2 Qa4+ 1/2-1/2